Banská Bystrica pamätihodnosti mesta

Bibliographic Details
Main Author: Bárta, Vladimír, 1939- (Author)
Format: Book
Language:Slovak
PhysicalDescription:91 strán fotografie 25 x 17 cm
Published: Slovenská Ľupča AB ART press [2018]
ISBN:9788089850341
Series:Na starých fotografiách
Subjects:

MARC

LEADER 00000cam a2200000 4500
001 vtls011766269
003 SK-MaSNL
005 20260301095836.0
008 180711s2018 xo o g 001 0 slo
015 |a SNBA2026/01 
020 |a 9788089850341  |q (viazané) 
040 |a SNK  |b slo  |c SNK  |e rda 
041 0 |a slo 
043 |a e-xo--- 
044 |a xo  |c SK 
072 7 |a 94(437.6)  |x Dejiny Slovenskej republiky  |2 konspekt 
080 |a 94(437.6)  |2 2011 
080 |a 904  |2 2011 
080 |a 72:904  |2 2011 
080 |a 911.375(091)  |2 2011 
080 |a (437.6)  |2 2011 
080 |a 77.039  |2 2011 
080 |a 77  |2 2011 
080 |a (084.12)  |2 2011 
100 1 |a Bárta, Vladimír,  |d 1939-  |4 aut  |9 117674 
245 1 0 |a Banská Bystrica  |b pamätihodnosti mesta  |c Vladimír Bárta 
246 3 |a Banská Bystrica na starých fotografiách - pamätihodnosti mesta 
264 1 |a Slovenská Ľupča  |b AB ART press  |c [2018] 
300 |a 91 strán  |b fotografie  |c 25 x 17 cm 
336 |a text  |b txt  |2 rdacontent 
336 |a statický obraz  |b sti  |2 rdacontent 
337 |a bez média  |b n  |2 rdamedia 
338 |a zväzok  |b nc  |2 rdacarrier 
490 1 |a Na starých fotografiách 
504 |a Obsahuje register 
650 0 7 |a historická fotografia  |2 SNKPH  |9 54961 
650 0 7 |a historické pamiatky  |2 SNKPH  |9 75346 
650 0 7 |a architektonické pamiatky  |2 SNKPH  |9 28990 
650 0 7 |a dejiny miest  |2 SNKPH  |9 164833 
650 0 7 |a Historical photography  |2 SNKPHeng  |9 331232 
650 0 7 |a Monuments  |2 SNKPHeng  |9 306783 
650 0 7 |a Architectural monuments  |2 SNKPHeng  |9 279148 
650 0 7 |a History of cities and towns  |2 SNKPHeng  |9 267901 
651 7 |a Banská Bystrica (Slovensko)  |2 SNKPHgeo  |9 22015 
651 7 |a Banská Bystrica (Slovakia)  |2 SNKPHeng  |9 243794 
655 7 |a fotografické publikácie  |2 SNKPH  |9 70483 
655 7 |a Photographic publication  |2 SNKPHeng  |9 266858 
830 0 |a Na starých fotografiách  |9 431824 
919 |a 978-80-89850-34-1 
954 |a obrazové publikácie zamerané na výtvarné umenie a fotografiu pôvodné (slovenské)  |2 lita 
958 |a NB 
999 |c 684271  |d 686201 
952 |a SNK  |b SNK  |y PREZ  |7 0  |p 17A1494156  |o snkSD 91002  |i snk2022/14639  |8 0  |0 0  |1 0  |4 0  |d 2022-09-23  |l 0  |r 2026-02-23 20:07:52  |w 2026-02-23 
952 |a SNK  |b SNK  |y VYP  |7 0  |p 17A1494157  |o snkSD 91002 D1  |i snk2022/14640  |8 0  |0 0  |1 0  |4 0  |d 2022-09-23  |l 0  |r 2026-02-23 20:07:52  |w 2026-02-23